Statistics for American Basketball A to Z #2

Click here to take the quiz!

General Stats

  • This quiz has been taken 204 times
  • The average score is 16 of 24

Answer Stats

ClueAnswer% Correct
RA statistic that measures the number of times a player grabs a ball after a missed shot; can be offensive, but is more commonly defensiveRebound
88%
APlay where a player gets an additional free throw after successfully scoring while fouledAnd-one
84%
OCity where the NBA Bubble was heldOrlando
84%
MArena that the New York Knicks play inMadison Square Garden
83%
GMinor development league under the NBAG League
81%
IPutting a ball into play from an area outside of the courtInbounding
79%
JA method, typically at the start of the game, where the referee tosses the ball up in the air and two people contest for itJump ball
79%
VA measure for how high a player can jumpVertical
79%
BViolation where a team goes behind the half-court line after going past itBackcourt
78%
KAnother name for the "paint", extends from the baseline to the free throw line; players often shoot from the "top" of thisKey
74%
SOld name for the Oklahoma City ThunderSupersonics
74%
UNCAA college with the most championshipsUCLA
74%
ZDuke superstar, knowing for being exceptionally large and unstoppable in the paintZion Williamson
72%
NA successful pass to a teammate while keeping their eyes on another place (usually another teammate), tricking defendersNo-look pass
71%
DTerm for a play where the player moves towards the basket in attempt to score in the paint or kick it out to an open playerDrive
67%
PPlay where the offensive player dunks over the defensive player, often drawing a bewildered commentator reactionPoster
65%
EThe two corners of the paint not at the baseline; Chris Paul often shoots from the right oneElbow
54%
CAnother name for the free throw lineCharity stripe
48%
HManeuver where a player slows down suddenly and then speeds up, which can confuse the defender if done successfullyHesi
46%
TIn the term 50-40-90, the "40" represents...Three-point percentage
46%
LName of the leprechaun on the Celtics' logoLucky
45%
Q2014-2022 Utah Jazz head coachQuin Snyder
40%
FIllness that Michael Jordan actually had during a spectacular finals performance, despite people commonly calling it the "flu game"Food poisoning
36%
WNickname of the 2006-2007 8th seed Warriors, where Baron Davis led them to beat the 1st seed Mavericks in the first roundWe Believe
20%

Score Distribution

Percentile by Number Answered

Percent of People with Each Score

Your Score History

You have not taken this quiz